000
00329nam a2200121Ia 4500
008
220216s9999 xx 000 0 und d
100
_a
Suresh T Kilachand
245
0
_a
Synthetic rubber industry in India By 2000 A D
260
_b
Rubber Chem Review
_c
1993
300
_a
21-32
650
_a
Rubber industry in India
942
_c
JS
999
_c
70174
_d
70174